[Event "Niedersachsen-ch op"]
[Site "Verden"]
[Date "2011.01.03"]
[Round "3"]
[White "Hachtmann, Christian"]
[Black "Heermann, Kai"]
[Result "1/2-1/2"]
[WhiteElo "2006"]
[BlackElo "1612"]
[PlyCount "56"]
[EventDate "2011.01.02"]
[EventType "swiss"]
[EventRounds "7"]
[EventCountry "GER"]
[SourceTitle "EXT 2018"]
[Source "ChessBase"]
[SourceDate "2017.10.13"]
[SourceVersion "1"]
[SourceVersionDate "2017.10.13"]
[SourceQuality "1"]

1. e4 d5 2. exd5 Qxd5 3. d4 Nf6 4. Nf3 Bf5 5. c4 Qa5+ 6. Bd2 Qb6 7. b4 c6 8. Nc3 e6 9. b5 Ne4 10. Nxe4 Bxe4 11. Bc3 cxb5 12. c5 Qc7 13. Bxb5+ Nc6 14. 0-0 Be7 15. Ne5 0-0 16. f3 Bd5 17. f4 Nxe5 18. fxe5 Bxc5 19. Qh5 Qb6 20. Rf4 Qxb5 21. dxc5 Qxc5+ 22. Bd4 Qc2 23. Rg4 Qf5 24. Qh4 Rac8 25. Rf1 Qc2 26. Qh6 g6 27. Be3 Qe2 28. h3 Rc4 1/2-1/2

[Event "Niedersachsen-ch op"]
[Site "Verden"]
[Date "2011.01.02"]
[Round "1"]
[White "Heermann, Kai"]
[Black "Warns, Heiko"]
[Result "0-1"]
[WhiteElo "1612"]
[BlackElo "2183"]
[PlyCount "134"]
[EventDate "2011.01.02"]
[EventType "swiss"]
[EventRounds "7"]
[EventCountry "GER"]
[SourceTitle "EXT 2018"]
[Source "ChessBase"]
[SourceDate "2017.10.13"]
[SourceVersion "1"]
[SourceVersionDate "2017.10.13"]
[SourceQuality "1"]

1. d4 Nf6 2. c4 e6 3. Nc3 Bb4 4. Nf3 c5 5. d5 d6 6. Bg5 Bxc3+ 7. bxc3 h6 8. Bxf6 Qxf6 9. Qb3 0-0 10. e3 e5 11. e4 Qg6 12. Qb1 f5 13. Nh4 Qf6 14. Nf3 fxe4 15. Qxe4 Bf5 16. Qe3 Bg4 17. Nd2 Nd7 18. Ne4 Qg6 19. Bd3 Bf5 20. 0-0 Nf6 21. f3 Bxe4 22. Bxe4 Nxe4 23. fxe4 Rxf1+ 24. Rxf1 Rf8 25. Rxf8+ Kxf8 26. h3 Kg8 27. a3 h5 28. Kf2 Kf8 29. Qf3+ Ke7 30. g4 hxg4 31. hxg4 Qf6 32. g5 Qxg5 33. Qh3 Kd8 34. Qh8+ Kc7 35. Qe8 Qd8 36. Qf7+ Qd7 37. Qg8 Qe7 38. Ke2 Qf6 39. Ke1 Kb6 40. Qe8 g5 41. Ke2 Kc7 42. a4 a6 43. a5 Qd8 44. Qg6 Qe7 45. Kd2 b6 46. axb6+ Kxb6 47. Qg8 Ka5 48. Kc2 Kb6 49. Qb8+ Ka5 50. Qg8 Qd7 51. Qxg5 Qa4+ 52. Kb2 Qxc4 53. Qd8+ Ka4 54. Qxd6 Qb3+ 55. Kc1 Qxc3+ 56. Kb1 Qb4+ 57. Kc1 Kb3 58. Kd1 Qd4+ 59. Ke2 Qxe4+ 60. Kd2 Qd4+ 61. Ke2 Kc4 62. Qxa6+ Kxd5 63. Qb7+ Kc4 64. Qa6+ Kb3 65. Qb5+ Kc2 66. Qc6 Qd2+ 67. Kf3 Qd3+ 0-1

[Event "Niedersachsen-chT U14"]
[Site "Verden an der Aller"]
[Date "2008.05.03"]
[Round "6.1"]
[White "Heermann, Kai"]
[Black "Konow, Philipp"]
[Result "0-1"]
[WhiteElo "1486"]
[BlackElo "1872"]
[PlyCount "88"]
[EventDate "2008.05.01"]
[EventType "team"]
[EventRounds "7"]
[EventCountry "GER"]
[SourceTitle "EXT 2009"]
[Source "ChessBase"]
[SourceDate "2008.11.26"]
[SourceVersion "1"]
[SourceVersionDate "2008.11.26"]
[SourceQuality "1"]

1. d4 Nf6 2. Nf3 g6 3. c4 Bg7 4. g3 c6 5. Bg2 0-0 6. 0-0 d5 7. cxd5 Nxd5 8. e4 Nb6 9. b3 c5 10. Bb2 Nc6 11. e5 cxd4 12. Nbd2 Nxe5 13. Nxe5 Bxe5 14. Nf3 Bg4 15. h3 Bxf3 16. Bxf3 Qd7 17. Kh2 Rfd8 18. Qd3 Nd5 19. Bxd5 Qxd5 20. f4 Bg7 21. Rfd1 Rd6 22. Rac1 a6 23. a3 Re6 24. Re1 Rb6 25. b4 a5 26. Rc5 Qd6 27. Qd2 axb4 28. axb4 Bf6 29. Ra1 Rxa1 30. Bxa1 Ra6 31. Ra5 Rc6 32. Ra2 Rc4 33. b5 Qc5 34. h4 Qxb5 35. Rb2 Qc6 36. Ra2 Rc1 37. Qg2 Qxg2+ 38. Kxg2 e5 39. fxe5 Bxe5 40. Kh3 b5 41. Ra5 f6 42. Bb2 Rg1 43. Ra3 Rb1 44. Ba1 b4 0-1

[Event "GER-chT U12"]
[Site "Verden an der Aller"]
[Date "2007.12.27"]
[Round "1.1"]
[White "Friedrich, Wiede"]
[Black "Heermann, Kai"]
[Result "1-0"]
[WhiteElo "1963"]
[BlackElo "1379"]
[PlyCount "125"]
[EventDate "2007.12.27"]
[EventType "team-swiss"]
[EventRounds "7"]
[EventCountry "GER"]
[SourceTitle "EXT 2009"]
[Source "ChessBase"]
[SourceDate "2008.11.26"]
[SourceVersion "1"]
[SourceVersionDate "2008.11.26"]
[SourceQuality "1"]
[WhiteTeam "Potsdam USV U12"]
[BlackTeam "Wilhelmshaven U12"]
[WhiteTeamCountry "GER"]
[BlackTeamCountry "GER"]

1. e4 d5 2. Nc3 dxe4 3. Nxe4 Qd5 4. Nc3 Qa5 5. d4 Nf6 6. Bc4 c6 7. Bd2 Qc7 8. Nge2 e6 9. Ng3 Nbd7 10. Qe2 Nb6 11. Bb3 Bd7 12. Nce4 Be7 13. c4 Nxe4 14. Nxe4 c5 15. d5 0-0-0 16. 0-0 Rhe8 17. Qf3 f6 18. Bf4 e5 19. Bd2 Kb8 20. Qe2 Nc8 21. Bc2 Nd6 22. Nxd6 Bxd6 23. Rab1 e4 24. g3 f5 25. b4 b6 26. bxc5 Bxc5 27. Bf4 Bd6 28. Bxd6 Qxd6 29. Qe3 Rc8 30. Rb3 Rc5 31. Re1 Rec8 32. Rb2 Ra5 33. Qd4 g5 34. Bd1 Ba4 35. Be2 Bd7 36. Bf1 Ka8 37. Qg7 h6 38. Qd4 Rf8 39. Rc2 Qf6 40. Qxf6 Rxf6 41. Bg2 g4 42. h3 h5 43. Kf1 Rc5 44. Rec1 Rd6 45. hxg4 hxg4 46. Ke1 b5 47. Bf1 b4 48. Kd2 a5 49. Ke3 Kb7 50. Kd4 Kb6 51. Rb2 Rdxd5+ 52. Ke3 Kc7 53. Be2 Rd6 54. Rh1 Be6 55. Rh7+ Rd7 56. Rh6 Bxc4 57. Rc2 Rd3+ 58. Bxd3 exd3 59. Rc1 Re5+ 60. Kd2 Re4 61. Ra6 Re2+ 62. Kd1 Rc2 63. Rxa5 1-0

[Event "Niedersachsen-ch U12"]
[Site "Rotenburg/Wuemme"]
[Date "2006.04.12"]
[Round "7"]
[White "Heermann, Kai"]
[Black "Lienau, Henrik"]
[Result "1-0"]
[WhiteElo "1125"]
[BlackElo "938"]
[PlyCount "96"]
[EventDate "2006.04.08"]
[EventType "swiss"]
[EventRounds "11"]
[EventCountry "GER"]
[SourceTitle "EXT 2007"]
[Source "ChessBase"]
[SourceDate "2006.11.23"]
[SourceVersion "1"]
[SourceVersionDate "2006.11.23"]
[SourceQuality "1"]

1. d4 d6 2. e4 Nf6 3. Nc3 g6 4. Nf3 Bg7 5. Bf4 c5 6. dxc5 dxc5 7. Qxd8+ Kxd8 8. Rd1+ Nbd7 9. Ne5 Ke8 10. Nb5 Kf8 11. Nxd7+ Bxd7 12. e5 Bxb5 13. exf6 Bxf6 14. Bxb5 Kg7 15. c3 a6 16. Ba4 b5 17. Bc2 Rac8 18. Rd2 e5 19. Be3 c4 20. 0-0 Rcd8 21. Rfd1 Rxd2 22. Rxd2 Rd8 23. Be4 a5 24. Kf1 Be7 25. Ke2 f5 26. Rxd8 Bxd8 27. Bc6 b4 28. Bd2 Be7 29. Bd5 b3 30. axb3 cxb3 31. Bxb3 Bd6 32. Be3 f4 33. Bb6 e4 34. Kf1 f3 35. g3 h5 36. Bc2 h4 37. Bxe4 hxg3 38. hxg3 a4 39. Bxf3 a3 40. bxa3 Bxa3 41. c4 Kf7 42. c5 Bxc5 43. Bxc5 Kf6 44. Be4 g5 45. Bb7 Kg6 46. Bc8 Kh5 47. Be3 Kg6 48. Bxg5 Kxg5 1-0

[Event "Niedersachsen-chT U10"]
[Site "Rotenburg"]
[Date "2005.06.04"]
[Round "1.3"]
[White "Heermann, Kai"]
[Black "Bergmeyer, Michael"]
[Result "1-0"]
[WhiteElo "1076"]
[BlackElo "776"]
[PlyCount "47"]
[EventDate "2005.06.04"]
[EventType "team"]
[EventRounds "5"]
[EventCountry "GER"]
[SourceTitle "EXT 2007"]
[Source "ChessBase"]
[SourceDate "2006.11.23"]
[SourceVersion "1"]
[SourceVersionDate "2006.11.23"]
[SourceQuality "1"]

1. d4 d5 2. Bf4 e6 3. Nf3 f5 4. e3 Nf6 5. c4 Bb4+ 6. Nc3 Nc6 7. a3 Bd7 8. axb4 Nxb4 9. Qb3 Nc6 10. cxd5 exd5 11. Nxd5 Be6 12. Nxc7+ Qxc7 13. Qxe6+ Qe7 14. Ng5 h6 15. Qxe7+ Nxe7 16. Bb5+ Nc6 17. Bxc6+ bxc6 18. Ne6 g5 19. Nc7+ Kd7 20. Nxa8 Rxa8 21. Be5 Nd5 22. 0-0 f4 23. exf4 gxf4 24. Ra6 1-0